| 000 | 02279nam0a2200421 4500 | ||
|---|---|---|---|
| 001 | RU\NLR\bibl\237883 | ||
| 005 | 20260607052810.0 | ||
| 010 |
_a5-8369-0103-1 _95000 |
||
| 021 |
_aRU _b2001-54819 _92663 |
||
| 035 | _a(NLR Aleph) 000233786 | ||
| 090 |
_a1361062 _c1361062 |
||
| 100 | _a20020215d2001 |||y0rusy50 ca | ||
| 101 | 0 | _arus | |
| 102 | _aRU | ||
| 105 | _ay ||||||||| | ||
| 200 | 1 |
_aСудоустройство и правоохранительные органы в Российской Федерации _eУчеб. _f[Подгот.: В.А. Давыдов и др. _gОтв. ред. Ю.К. Орлов, В.И. Швецов] |
|
| 205 | _a2-е изд., перераб. и доп. | ||
| 210 |
_aМ. _cПроспект _d2001 |
||
| 215 |
_a319,[1] с. _d22 |
||
| 606 | 0 |
_aПравоохранительные органы _jРуководства, пособия и т.п. _yРоссийская Федерация _92078894 _3RU\NLR\auth\661254761 |
|
| 606 | 0 |
_aПравоохранительные органы _jУчебные издания для высшей школы _yРоссийская Федерация _92078894 _3RU\NLR\auth\661254761 |
|
| 606 | 0 | _aСудоустройство в Российской Федерации | |
| 606 | 0 | _aПравоохранительные органы | |
| 606 |
_aСудоустройство _jРуководства, пособия и т.п. _yРоссийская Федерация _92078642 _3RU\NLR\auth\661254504 |
||
| 606 |
_aСудоустройство _jУчебные издания для высшей школы _yРоссийская Федерация _92078642 _3RU\NLR\auth\661254504 |
||
| 675 |
_a347.97/.99(470)(075.8) _v3 _zrus |
||
| 686 |
_a10.31 _2rugasnti |
||
| 686 |
_a67.7я73 _2rubbk |
||
| 686 | _aХ629.0я73 | ||
| 686 | _aХ629.01я73 | ||
| 702 | 1 |
_4220 _7ca _8rus _aДавыдов _bВ. А. _cканд. юрид. наук _gВиталий Андрианович _913906 _3RU\NLR\auth\7730888 |
|
| 702 | 1 |
_4340 _7ca _8rus _aОрлов _bЮ. К. _cд-р юрид. наук _f1937- _gЮрий Кузьмич _974402 _3RU\NLR\auth\7791475 |
|
| 801 | 0 |
_aRU _bRKP _c20020215 _gPSBO |
|
| 801 | 1 |
_aRU _bRKP _c20020215 |
|
| 801 | 2 |
_aRU _bNLR _c20100909 _grcr |
|
| 942 | _cBOOK | ||
| 980 | _aNB | ||